000 00932nam a2200265Ia 4500
003 OSt
005 20221005105631.0
006 a|||||r|||| 00| 0
007 ta
008 221004b |||||||| |||| 00| 0 hin d
020 _a8181430891 (hbk)
_c200
024 _a11217
037 _b270, 03/03/2014, Vani Prakashan
_cTextual
040 _aCRL
_cCRL
_bhin
041 _2hin
_ahin
082 _aO11195:g(R4), 152P4
100 _aजैन, निर्मला
245 0 _aउदात्त के विड्ढय में
246 _aUdātta ke viḍḍhaya mean
260 _aनई दिल्ली
_bवाणी प्रकाशन भारत
_c2004
300 _a137पृ0
_ccm.
650 _aहिन्दी साहित्य
942 _hO11195:g(R4), 152P4
_cTEXL
_2cc
999 _c1016420
_d1016420